BIBLIOTECA

SENCICO

Business Basics : Teacher's Books (Registro nro. 2887)

Detalles MARC
000 -LEADER
fixed length control field 00393nam a2200169Ia 4500
005 - DATE AND TIME OF LATEST TRANSACTION
control field 20251020182556.0
008 - FIXED-LENGTH DATA ELEMENTS--GENERAL INFORMATION
fixed length control field 200515s9999 xx 000 0 und d
082 ## - DEWEY DECIMAL CLASSIFICATION NUMBER
Classification number R/801.321=22TB/G79
100 ## - MAIN ENTRY--PERSONAL NAME
Personal name GRANT, David McLarty, Robert
245 #0 - TITLE STATEMENT
Title Business Basics : Teacher's Books
260 ## - PUBLICATION, DISTRIBUTION, ETC.
Place of publication, distribution, etc. New York
260 ## - PUBLICATION, DISTRIBUTION, ETC.
Date of publication, distribution, etc. 1995
300 ## - PHYSICAL DESCRIPTION
Extent 77
650 ## - SUBJECT ADDED ENTRY--TOPICAL TERM
Topical term or geographic name entry element INGLES
650 ## - SUBJECT ADDED ENTRY--TOPICAL TERM
Topical term or geographic name entry element LIB
942 ## - ADDED ENTRY ELEMENTS (KOHA)
Koha item type Libros
Existencias
Fecha de la última vez que lo usaron Pago total Signatura topográfica completa Código de barras Precio efectivo desde Tipo de documento Estado perdido Estado dañado No es para préstamo Retirado Ubicación permanente Ubicación actual Fecha de adquisición
15/05/2020   R/801.321=22TB/G79 Bib-Lima15052887 15/05/2020 Libros         Biblioteca Central Lima Biblioteca Central Lima 15/05/2020